000
00303nam a2200133Ia 4500
100
_a
Sehr/David/ Banerjee/ Utpalete
942
_c
BK
654
_a
Computer
245
_a
Lectures Notes in Computer Science
260
_b
Springer
_a
New Delhi
_c
1997
300
_a
612
546
_a
ENGLISH
999
_c
18421
_d
18421